| 000 | 01685nam0a2200325 4500 | ||
|---|---|---|---|
| 001 | RU\NLR\bibl\1174928 | ||
| 005 | 20250615090401.0 | ||
| 010 |
_a978-5-7692-0949-9 _9500 |
||
| 021 |
_aRU _b2007-80674 _94343 |
||
| 035 | _a(NLR Aleph) 001161593 | ||
| 090 |
_a1541029 _c1541029 |
||
| 100 | _a20080111d2007 |||y0rusy50 ca | ||
| 101 | 0 | _arus | |
| 102 | _aRU | ||
| 105 | _aa ||||||||| | ||
| 200 | 1 |
_aСовершенствование процессов охлаждения сырого газа в аппаратах воздушного охлаждения на газовых промыслах _fК.М. Давлетов, А.Г. Глухенький _gотв. ред. чл.-корр. РАН О.М. Ермилов _gОткрытое АО "Газпром", О-во с огранич. ответственностью "Надымгазпром" |
|
| 210 |
_aНовосибирск _cИзд-во Сибирского отделения Российской академии наук _d2007 |
||
| 215 |
_a81, [1] с. _cил. _d26 |
||
| 300 | _aНа 4-й с. обл. 1-й авт.: Давлетов К.М., к.т.н. | ||
| 320 | _aБиблиогр.: с. 77-81 | ||
| 606 | 1 |
_aЕстественные газы _xОхлаждение воздушное _xОборудование _92505786 _3RU\NLR\auth\661485855 |
|
| 686 | _aИ362.08-5 | ||
| 700 | 1 |
_aДавлетов _bК. М. _f1952- _gКасим Мухеметгареевич _4070 |
|
| 701 | 1 |
_aГлухенький _bА. Г. _f1952- _gАлександр Григорьевич _4070 |
|
| 801 | 0 |
_aRU _bNLR _c20080111 _gRCR |
|
| 801 | 1 |
_aRU _bNLR _c20080111 |
|
| 830 | _aавт. по кн. | ||
| 942 | _cBOOK | ||
| 980 | _aNB | ||